000
00223nam a22000857a 4500
008
160711b xxu||||| |||| 00| 0 eng d
100
_9
2571
_a
Prakash, V
245
_a
Why Tease?
260
_a
New Delhi
_b
Dreamland Publication
_c
2004
999
_c
2236
_d
2236